| 000 | 00811 a2200301 4500 | ||
|---|---|---|---|
| 001 | 200421415 | ||
| 650 | 0 | 0 |
_aTurkish fiction _97165 |
| 999 |
_c200421415 _d40744 |
||
| 003 | TR-AnTOB | ||
| 005 | 20240925073654.0 | ||
| 008 | 160226s tu 000 0 | ||
| 020 | _a9786054994908 | ||
| 040 |
_aTR-AnTOB _btur _erda |
||
| 041 | _atur | ||
| 050 | 0 | 0 |
_aPL248.T39 _bY3 2014 |
| 090 | _aPL248.T39 Y3 2014 | ||
| 100 | 1 |
_aTazeoğlu, Kahraman _996577 |
|
| 245 | 1 | 0 |
_aYaralı / _cKahraman Tazeoğlu. |
| 264 |
_aİstanbul : _bDestek Yayınları, _c2014. |
||
| 300 |
_a376 sayfa. ; _c30 cm. |
||
| 336 |
_atext _2rdacontent |
||
| 337 |
_aunmediated _2rdamedia |
||
| 338 |
_avolume _2rdacarrier |
||
| 490 | 0 |
_aDestek Yayınları ; _v487 |
|
| 490 | 0 |
_aEdebiyat ; _v173 |
|
| 650 | 0 | 7 |
_aTürk romanı _2etuturkob _99421 |
| 942 | _cBK | ||